| 000 | 01078nam a2200265 a 4500 | ||
|---|---|---|---|
| 001 | 78198 | ||
| 003 | BD-RjUL | ||
| 005 | 20211209083112.0 | ||
| 008 | 210412s1946 ua 000 0 ara d | ||
| 035 | _a(BD-RjUL)78424 | ||
| 040 |
_aCGU _cCGU _dWAU _dOCL _dMnU _dNNU _dUkOxU _beng |
||
| 041 | _aara/eng | ||
| 043 | _ama----- | ||
| 066 | _c(3 | ||
| 082 |
_223 _a892.75109 _bABK 1946 |
||
| 100 | 1 |
_aأبو زهرة، محمد. ;; Abū Zahrah, Muḥammad. _9246928 |
|
| 245 | 1 | 3 |
_aالخطابة : _bأصولها وتاريخها فى أزهر عصورها عند العرب / ;; al-Khiṭābah : uṣūluhā wa-tārīkhuhā fī azhar ʿuṣūrihā ʿinda al-ʿArab / _cمحمد أبو زهرة. ;; Muḥammad Abū Zahrah. |
| 260 |
_aal-Qāhirah : _bDār al-Fikr al-ʿArabī, _c1946. |
||
| 260 |
_aالقاهرة : _bدار الفكر العربى، _c٠٨٩١. |
||
| 300 |
_a287 p. ; _c23 cm. |
||
| 650 | 0 |
_aOratory _xHistory. _9246929 |
|
| 650 | 0 |
_aOratory _zArab countries _xHistory. _9246930 |
|
| 650 | 0 |
_aArabic prose literature _xHistory and criticism. _9246931 |
|
| 942 |
_2ddc _cBK |
||
| 999 |
_c78198 _d78198 |
||